| 000 -LEADER |
| fixed length control field |
00985cam a2200313Ia 4500 |
| 001 - CONTROL NUMBER |
| control field |
.b13378946 |
| 003 - CONTROL NUMBER IDENTIFIER |
| control field |
OCoLC |
| 005 - DATE AND TIME OF LATEST TRANSACTION |
| control field |
20190904150626.0 |
| 008 - FIXED-LENGTH DATA ELEMENTS--GENERAL INFORMATION |
| fixed length control field |
100507r20012000nyu b 001 0 eng d |
| 020 ## - INTERNATIONAL STANDARD BOOK NUMBER |
| International Standard Book Number |
0316679070 |
| 020 ## - INTERNATIONAL STANDARD BOOK NUMBER |
| International Standard Book Number |
9780316679077 |
| 035 ## - SYSTEM CONTROL NUMBER |
| System control number |
(OCoLC)612145178 |
| 040 ## - CATALOGING SOURCE |
| Original cataloging agency |
CVU |
| Transcribing agency |
CVU |
| 042 ## - AUTHENTICATION CODE |
| Authentication code |
nbic |
| 082 ## - DEWEY DECIMAL CLASSIFICATION NUMBER |
| Classification number |
302 GLA |
| 090 ## - LOCALLY ASSIGNED LC-TYPE CALL NUMBER (OCLC); LOCAL CALL NUMBER (RLIN) |
| Classification number (OCLC) (R) ; Classification number, CALL (RLIN) (NR) |
HM1033 |
| Local cutter number (OCLC) ; Book number/undivided call number, CALL (RLIN) |
.G53 2001 |
| 100 1# - MAIN ENTRY--PERSONAL NAME |
| Personal name |
Gladwell, Malcolm, |
| Dates associated with a name |
1963- |
| Relator term |
author |
| 245 04 - TITLE STATEMENT |
| Title |
The tipping point : |
| Remainder of title |
how little things can make a big difference / |
| Statement of responsibility, etc. |
Malcolm Gladwell. |
| 250 ## - EDITION STATEMENT |
| Edition statement |
1st Back Bay international pbk. ed. |
| 260 ## - PUBLICATION, DISTRIBUTION, ETC. |
| Place of publication, distribution, etc. |
New York, NY : |
| Name of publisher, distributor, etc. |
Back Bay Books, |
| Date of publication, distribution, etc. |
2001. |
| 300 ## - PHYSICAL DESCRIPTION |
| Extent |
viii, 280 p. : |
| Other physical details |
ill. ; |
| Dimensions |
17 cm. |
| 500 ## - GENERAL NOTE |
| General note |
Originally published: Boston : Little, Brown, c2000. |
| 504 ## - BIBLIOGRAPHY, ETC. NOTE |
| Bibliography, etc. note |
Includes bibliographical references and index. |
| 650 #0 - SUBJECT ADDED ENTRY--TOPICAL TERM |
| Topical term or geographic name entry element |
Social psychology. |
| 650 #0 - SUBJECT ADDED ENTRY--TOPICAL TERM |
| Topical term or geographic name entry element |
Contagion (Social psychology) |
| 650 #0 - SUBJECT ADDED ENTRY--TOPICAL TERM |
| Topical term or geographic name entry element |
Causation. |
| 650 #0 - SUBJECT ADDED ENTRY--TOPICAL TERM |
| Topical term or geographic name entry element |
Context effects (Psychology) |
| 942 ## - ADDED ENTRY ELEMENTS (KOHA) |
| Source of classification or shelving scheme |
|
| Koha item type |
Books - Non Ficton |